000 01385nam a2200337 a 4500
001 ebr10680854
003 CaPaEBR
006 m u
007 cr cn|||||||||
008 090409s2009 nyuab sb 001 0 eng d
010 _z 2009013516
020 _z9781607410966 (hardcover : alk. paper)
020 _z1607410966 (hardcover : alk. paper)
020 _z9781617284281 (e-book)
040 _aCaPaEBR
_cCaPaEBR
035 _a(OCoLC)662453147
050 1 4 _aTN410
_b.G65 2009eb
082 0 4 _a622/.3422
_222
245 0 0 _aGold mining
_h[electronic resource] :
_bformation and resource estimation, economics and environmental impact /
_cMelanie D. Corral and Jared L. Earle, editors.
260 _aNew York :
_bNova Science Publishers,
_cc2009.
300 _axii, 227 p. :
_bill. (some col.), maps (some col.)
504 _aIncludes bibliographical references and index.
533 _aElectronic reproduction.
_bPalo Alto, Calif. :
_cebrary,
_d2013.
_nAvailable via World Wide Web.
_nAccess may be limited to ebrary affiliated libraries.
650 0 _aGold mines and mining.
650 0 _aGold ores.
655 7 _aElectronic books.
_2local
700 1 _aCorral, Melanie D.
700 1 _aEarle, Jared L.
710 2 _aebrary, Inc.
856 4 0 _uhttp://site.ebrary.com/lib/rucke/Doc?id=10680854
_zAn electronic book accessible through the World Wide Web; click to view
999 _c60257
_d60257